Florent Pagny en chansons # 15 - Statistiques

Statistiques générales
  • Ce quiz a été pris 401 fois
  • Le résultat moyen est 7 sur 20
Statistiques - réponses
Paroles Chansons % Correct
Savoir sourire À une inconnue qui passe N'en garder aucune trace Sinon celle du plaisir Savoir aimer
92%
Quitte à tout prendre, prenez mes gosses et la télé Ma brosse à dents, mon revolver, la voiture ça c'est déjà fait Ma liberté de penser
84%
__________________ dont le regard vous frôle Vous porte sur ses épaules comme elle porte le monde
Et jusqu'à bout de force recouvre de son écorce
Vos plaies les plus profondes
Et un jour une femme
68%
Dis-moi, pourquoi t'es comme ça Pourquoi ça va pas Pourquoi t'essaies pas Pourquoi tu veux pas N'importe quoi
65%
Pour implorer le ciel ensemble, En une seule et même église, Retrouver l'essentiel... et faire... Que les silences se brisent... Chanter
55%
Restent ______________Pour tenir la maison Pour surmonter ses peurs Ou vaincre ses démons Les murs porteurs
52%
C'est là que je t'emmènerai sur la route Et si le soleil le savait Mais j'en doute, il viendrait _____________________ Là où je t'emmènerai
50%
A toi qui marches longtemps Quand la pluie fais rage Quand partent les ans Quand la rue te vole tes nuits Quand c'est toujours dimanche tant pis ... Bienvenue chez moi
43%
Je me ferai tendre Pour t'apprivoiser Pour te garder, pour te défendre S'il le faut je me ferai sorcier Si tu veux m'essayer
43%
Mais je suis ________Mais surtout ne t'en fais pas Je serai bientôt là Et tu seras fière de moi Le soldat
38%
Entre gris et graffitis où s'enferme le quotidien Et des murs tellement petits qu'on entend tout des voisins Avec pour seul vis-à-vis des montagnes de parpaings Où déambule l'ennui et se traînent des destins Châtelet Les Halles
34%
_______________ pas vraiment cool _______________ me casse les c******s Presse qui roule
32%
Je vais là où finissent les impasses Au fond des miroirs au delà des glaces Où, je sais pas, mais, _____________ ? Est ce que tu me suis
16%
Puisque dans _______________On n'aime plus vraiment Puisque c'est l'air du vide Et que les envies priment sur les sentiments L'air du temps
15%
_____Oublie les blessures lâches du temps _____ Ne réveille pas tes yeux d'océan ____ Laisse ton âme libre Dors
11%
Sur la route, _____________Les heures qui nous séparent ______________, à te voir en face _______ au marqueur les contours de l'amour avant qu'il passe Je trace
11%
____________________________
Je peux te comprendre
Car moi-même
Je t'avoue que parfois j'ai envie
De me filer des beignes
Si tu n'aimes pas Florent Pagny
11%
________ m’a donné rendez-vous
Des amis je n’en ai plus beaucoup
Mon ami me sautera au cou
Un ami
10%
Pense a moi
Pense a moi
A ____________________ C'est le destin si je rencontre une ame belle
Nos vies parallèles
7%
Eh vous Messieurs les plus grands Oui vous Messieurs les plus forts Messieurs les plus chiants Vous qu'avez jamais tort Laissez-nous respirer
5%
Aucun quiz correspondant
Distribution des résultats
% des personnes avec chaque résultat
Percentile par nombre de réponses
Votre historique - résultats
Vous n’avez pas pris ce quiz